书目信息 |
| 题名: |
好茶方胜过好药方
|
|
| 作者: | 叶子 著 | |
| 分册: | ||
| 出版信息: | 哈尔滨 黑龙江科学技术出版社 2016 |
|
| 页数: | 208页 | |
| 开本: | 24cm | |
| 丛书名: | ||
| 单 册: | ||
| 中图分类: | R289.5 | |
| 科图分类: | ||
| 主题词: | 茶剂--验方 | |
| 电子资源: | ||
| ISBN: | 978-7-5388-8566-8 | |
| 000 | 00707nam0 2200217 450 | |
| 001 | 2672 | |
| 005 | 20161205145630.87 | |
| 010 | @a978-7-5388-8566-8@dCNY29.80 | |
| 100 | @a20160120d2016 em y0chiy50 ea | |
| 101 | 0 | @achi |
| 102 | @aCN@b230000 | |
| 105 | @aa z 000yy | |
| 200 | 1 | @a好茶方胜过好药方@9hao cha fang sheng guo hao yao fang@f叶子著 |
| 210 | @a哈尔滨@c黑龙江科学技术出版社@d2016 | |
| 215 | @a208页@c图@d24cm | |
| 330 | @a本书内容包括:饮茶有道,茶饮养生得健康;对症用茶,啥样的体质喝啥样的茶;慢病速疗,好茶方胜过好药方等。 | |
| 606 | 0 | @a茶剂@x验方 |
| 690 | @aR289.5@v5 | |
| 701 | 0 | @a叶子@9ye zi@4著 |
| 801 | 0 | @aCN@b大连网信软件有限公司图书馆·11@c20161205 |
| 905 | @aZUCC@dR289.5@e363 | |
| 好茶方胜过好药方/叶子著.-哈尔滨:黑龙江科学技术出版社,2016 |
| 208页:图;24cm |
| ISBN 978-7-5388-8566-8:CNY29.80 |
| 本书内容包括:饮茶有道,茶饮养生得健康;对症用茶,啥样的体质喝啥样的茶;慢病速疗,好茶方胜过好药方等。 |
| ● |
| 相关链接 |
|
|
|
|
正题名:好茶方胜过好药方
索取号:R289.5/363
 
预约/预借
| 序号 | 登录号 | 条形码 | 馆藏地/架位号 | 状态 | 备注 |
| 1 | 910831 | 209108311 | 第二样本阅览室/ [索取号:R289.5/363] | 在馆 | |
| 2 | 910832 | 209108320 | 第三借阅区/ [索取号:R289.5/363] | 在馆 | |
| 3 | 910833 | 209108339 | 第三借阅区/ [索取号:R289.5/363] | 在馆 | |
| 4 | 910834 | 209108348 | 第三借阅区/ [索取号:R289.5/363] | 在馆 | |
| 5 | 910835 | 209108357 | 第三借阅区/ [索取号:R289.5/363] | 在馆 |